| 000 | 00354nam a22001217a 4500 | ||
|---|---|---|---|
| 082 |
_a297 _bHAR |
||
| 100 |
_aHarvi, Hazrat Mulana Muhammad Hifzur Rehman Sayo _951478 |
||
| 245 | _aاسلام کا اقتصادی نظام | ||
| 260 |
_aLahore, _bIdara islamiyat, _c1984. |
||
| 300 | _a359p. | ||
| 526 |
_a0 _b0 _c0 _d297_000000000000000_HAR |
||
| 942 |
_2ddc _cBK |
||
| 999 |
_c554156 _d554156 |
||